| 000 | 00381nam a2200157Ia 4500 | ||
|---|---|---|---|
| 008 | 210210b2002 xxu||||| |||| 00| 0 eng d | ||
| 020 | _a81 7033 710 0 | ||
| 082 | _a306.8 CHAF | ||
| 100 | _aCHAKRABORTTY (Krishna). | ||
| 245 | _aFamily in India. | ||
| 260 |
_aJaipur. _bRawat Publications., _c2002 |
||
| 300 | _a307 | ||
| 650 | _aFamily | ||
| 690 | _aCulture | ||
| 906 | _a057447 | ||
| 999 |
_c104960 _d104960 |
||